000
00344nam a2200133Ia 4500
008
240624s9999 xx 000 0 und d
041
_a
eng
082
_a
158.720941 DEW
100
_a
DEWE PHILIP
245
_a
WELL BEING AND WORK TOWARDS A BALANCED A
260
_a
Macmillan,,2012
300
_a
viii, 194 pages ; , 24 cm.
365
_c
ERU
_b
38
999
_c
29304
_d
29304